[Event "11th Reykjavik op"]
[Site "Reykjavik ISL"]
[Date "1984.02.15"]
[Round "2"]
[White "Arnason, Jon"]
[Black "Bjarnason, Saevar"]
[Result "1-0"]
[WhiteElo "2500"]
[BlackElo "2375"]
[EventDate "1984.02.14"]
[PlyCount "92"]

1.e4 e6 2.d4 d5 3.Nc3 Bb4 4.Ne2 Nf6 5.e5 Ne4 6.Qd3 c5 7.a3 Ba5 8.dxc5 Nxc3
9.Nxc3 d4 10.b4 dxc3 11.bxa5 Qxd3 12.cxd3 Bd7 13.Rb1 Nc6 14.Rxb7 Nxa5 15.
Rb4 O-O 16.Kd1 Nc6 17.Rc4 Nxe5 18.Rxc3 Ba4+ 19.Kd2 Rfd8 20.Be2 Rd4 21.Bb2 
Rad8 22.Rhc1 Nc6 23.Rc4 Rxc4 24.Rxc4 Bb3 25.Rg4 e5 26.f4 f6 27.fxe5 fxe5 
28.Bf3 Bd5 29.Kc3 Kf7 30.Bxd5+ Rxd5 31.Kc4 Rd7 32.Bc3 Kf6 33.Re4 h5 34.h3 
a6 35.Rf4+ Ke7 36.Rf2 Rb7 37.Kd5 Rb3 38.Kxc6 Rxc3 39.Re2 Kf6 40.Kb6 Rxa3 
41.c6 Rc3 42.Kb7 a5 43.c7 Rb3+ 44.Ka7 Rc3 45.Kb7 Rb3+ 46.Ka7 a4 1-0

[Event "11th Reykjavik op"]
[Site "Reykjavik ISL"]
[Date "1984.02.15"]
[Round "2"]
[White "Bjornsson, Tomas"]
[Black "Hansson, Dan"]
[Result "0-1"]
[WhiteElo "2220"]
[BlackElo "2320"]
[EventDate "1984.02.14"]
[PlyCount "88"]

1.e4 Nf6 2.e5 Nd5 3.d4 d6 4.Nf3 dxe5 5.dxe5 Bg4 6.Bc4 e6 7.c3 Nc6 8.Qe2 a6
9.O-O Bxf3 10.gxf3 Qh4 11.Kh1 O-O-O 12.Bxd5 Rxd5 13.f4 Nxe5 14.fxe5 Rxe5 
15.Qf3 Bd6 16.Bf4 Rf5 17.Bg3 Rxf3 18.Bxh4 f5 19.Kg2 Rd3 20.Bg5 f4 21.f3 
Rf8 22.Bh4 Rf5 23.Be1 Rg5+ 24.Kh3 Rdd5 25.c4 Rdf5 26.Nc3 Rg6 27.Bh4 Rh5 
28.Rg1 Rgh6 29.Rg4 Be7 30.Kg2 Rxh4 31.Rxg7 Bf6 32.Rg8+ Kd7 33.Rd1+ Kc6 34.
Rd3 Rxh2+ 35.Kf1 Rh1+ 36.Rg1 Bxc3 37.Rxc3 Rxg1+ 38.Kxg1 e5 39.Rd3 Rd6 40.
Rc3 Rd2 41.Rb3 b6 42.a4 Kc5 43.Rc3 Rxb2 44.Rd3 c6 0-1

[Event "11th Reykjavik op"]
[Site "Reykjavik ISL"]
[Date "1984.02.15"]
[Round "2"]
[White "Cramling, Pia"]
[Black "Halldorsson, Bragi"]
[Result "1-0"]
[WhiteElo "2405"]
[BlackElo "2250"]
[EventDate "1984.02.14"]
[PlyCount "65"]

1.e4 c6 2.c4 d5 3.exd5 cxd5 4.cxd5 Nf6 5.Nc3 Nxd5 6.Nf3 e6 7.Bc4 Nxc3 8.
bxc3 Be7 9.O-O Nc6 10.d4 O-O 11.Qe2 b6 12.Bb2 Bb7 13.Bd3 Qc7 14.Rac1 Bf6 
15.Qe3 Ne7 16.c4 Bxf3 17.Qxf3 Rac8 18.Rfd1 Rfd8 19.Be4 Nc6 20.Bxc6 Qxc6 
21.d5 exd5 22.cxd5 Qd6 23.Rxc8 Rxc8 24.Bxf6 Qxf6 25.Qa3 Qd8 26.h3 Qd7 27.
d6 Kf8 28.Qd3 g6 29.Qd4 Kg8 30.Re1 Rd8 31.Re7 Qf5 32.d7 Kf8 33.Re1 1-0

[Event "11th Reykjavik op"]
[Site "Reykjavik ISL"]
[Date "1984.02.15"]
[Round "2"]
[White "De Firmian, Nick"]
[Black "Knezevic, Milorad"]
[Result "1-0"]
[WhiteElo "2515"]
[BlackElo "2450"]
[EventDate "1984.02.14"]
[PlyCount "121"]

1.e4 e5 2.Nf3 Nc6 3.Bb5 Nf6 4.O-O Nxe4 5.d4 Be7 6.Qe2 Nd6 7.Bxc6 bxc6 8.
dxe5 Nb7 9.Nd4 O-O 10.Nc3 Bc5 11.Be3 Qe8 12.f4 d5 13.Rae1 f6 14.Nf3 fxe5 
15.Bxc5 Nxc5 16.Qxe5 Ba6 17.Qxe8 Raxe8 18.Rxe8 Rxe8 19.Rd1 Nd7 20.Re1 
Rxe1+ 21.Nxe1 Kf7 22.Nf3 Ke7 23.Kf2 Kd6 24.h3 c5 25.g4 d4 26.Ne4+ Kd5 27.
Ng3 Nf6 28.Nd2 Ne8 29.Kf3 Nd6 30.Nh5 Ne8 31.Ng3 Nd6 32.Nh5 Ne8 33.f5 Ke5 
34.Nf4 Nd6 35.Ne6 Nc4 36.Nb3 Bb7+ 37.Kf2 Nxb2 38.Nbxc5 Bd5 39.a3 Nc4 40.
Nb3 Kd6 41.Nxg7 Bf7 42.a4 Ne3 43.Nxd4 Nd1+ 44.Ke2 Nb2 45.a5 c5 46.Nf3 Bc4+
47.Ke1 Bd5 48.Ng5 h6 49.N5e6 Nc4 50.a6 Ne3 51.Kd2 Bc6 52.f6 Nc4+ 53.Kc1 
Ne5 54.Nd8 Bd5 55.Nb7+ Kc6 56.Nf5 Bg2 57.h4 Nf7 58.Nxh6 Nxh6 59.g5 Nf7 60.
g6 Ne5 61.g7 1-0

[Event "11th Reykjavik op"]
[Site "Reykjavik ISL"]
[Date "1984.02.15"]
[Round "2"]
[White "Einarsson, Halldor"]
[Black "Kristjansson, Bragi"]
[Result "1/2-1/2"]
[WhiteElo "2285"]
[BlackElo "2295"]
[EventDate "1984.02.14"]
[PlyCount "79"]

1.e4 e6 2.d4 d5 3.Nc3 dxe4 4.Nxe4 Nd7 5.Bf4 Ngf6 6.Nxf6+ Nxf6 7.Nf3 Be7 8.
Qd2 c5 9.O-O-O cxd4 10.Nxd4 O-O 11.Bc4 a6 12.Kb1 Bd7 13.Qe2 Qa5 14.g4 Bc6 
15.Rhg1 Rfe8 16.g5 Nd5 17.Be5 Rad8 18.h4 Bd6 19.Nxc6 bxc6 20.h5 Qc7 21.
Bxd6 Qxd6 22.g6 fxg6 23.hxg6 h6 24.Bb3 Qc5 25.Rg4 e5 26.Qxa6 Kh8 27.Rgg1 
Qxf2 28.Qxc6 Ne3 29.Rc1 Rc8 30.Qb6 Rb8 31.Qa6 e4 32.Rh1 Nf5 33.Rcf1 Qc5 
34.Rh5 Rf8 35.Qe6 Ng3 36.Rxh6+ gxh6 37.g7+ Kxg7 38.Rf7+ Rxf7 39.Qxf7+ Kh8 
40.Qf6+ 1/2-1/2

[Event "11th Reykjavik op"]
[Site "Reykjavik ISL"]
[Date "1984.02.15"]
[Round "2"]
[White "Gudmundsson, Elvar"]
[Black "Bergmann, Throstur"]
[Result "1/2-1/2"]
[WhiteElo "2330"]
[BlackElo "2240"]
[EventDate "1984.02.14"]
[PlyCount "91"]

1.d4 Nf6 2.c4 e6 3.Nc3 Bb4 4.Qc2 c5 5.dxc5 Na6 6.a3 Bxc3+ 7.Qxc3 Nxc5 8.f3
a5 9.b3 O-O 10.Bb2 Qb6 11.b4 Na4 12.Qd4 axb4 13.Qxb6 Nxb6 14.axb4 Rxa1+ 
15.Bxa1 Nxc4 16.e4 Ne3 17.Kf2 Nxf1 18.Kxf1 d6 19.Kf2 Bd7 20.Ne2 Rc8 21.Rd1
Ne8 22.Ke3 Kf8 23.Rc1 Ra8 24.Bc3 Ke7 25.Ra1 Rxa1 26.Bxa1 Kd8 27.Nd4 Kc7 
28.Kd3 Kb6 29.Kc4 Nc7 30.Nc2 e5 31.Kb3 g6 32.Ne3 Be6+ 33.Ka4 Ne8 34.g3 Nf6
35.f4 exf4 36.Bxf6 fxe3 37.Bd4+ Kc7 38.Bxe3 Bd7+ 39.b5 Bg4 40.Bd4 Kd7 41.
e5 dxe5 42.Bxe5 Ke6 43.Bc7 Kf5 44.Kb4 Bf3 45.Kc3 Kg4 46.h4 1/2-1/2

[Event "11th Reykjavik op"]
[Site "Reykjavik ISL"]
[Date "1984.02.15"]
[Round "2"]
[White "Halldorsson, Gudmundur"]
[Black "Angantysson, Haukur"]
[Result "0-1"]
[WhiteElo "2260"]
[BlackElo "2395"]
[EventDate "1984.02.14"]
[PlyCount "82"]

1.e4 c5 2.Nf3 e6 3.c3 Nf6 4.e5 Nd5 5.d4 cxd4 6.cxd4 Bb4+ 7.Bd2 Bxd2+ 8.
Nbxd2 d6 9.Bc4 O-O 10.O-O Nc6 11.Rc1 Nf4 12.g3 Ng6 13.Qe2 dxe5 14.dxe5 
Ngxe5 15.Nxe5 Nxe5 16.Qxe5 Qxd2 17.Rfd1 Qh6 18.Rc3 Qf6 19.Qc7 g6 20.Rd6 
Qe5 21.Bf1 h5 22.Qe7 Kg7 23.Rf3 b6 24.b4 Bb7 25.Re3 Be4 26.Rd7 Qf5 27.Qh4 
Bd5 28.Qe7 Qf6 29.Qd6 Rfd8 30.a4 Rxd7 31.Qxd7 Rd8 32.Qxa7 Rd6 33.Qc7 Qd8 
34.Qc3+ Kg8 35.a5 bxa5 36.bxa5 Ba8 37.a6 Rd1 38.Rd3 Rxd3 39.Qxd3 Qc7 40.
Qc4 Qd7 41.f4 Qa7+ 0-1

[Event "11th Reykjavik op"]
[Site "Reykjavik ISL"]
[Date "1984.02.15"]
[Round "2"]
[White "Hector, Jonny"]
[Black "Haraldsson, Haraldur"]
[Result "1-0"]
[WhiteElo "2350"]
[BlackElo "2215"]
[EventDate "1984.02.14"]
[PlyCount "59"]

1.e4 c5 2.Nf3 e6 3.d4 cxd4 4.Nxd4 Nf6 5.Nc3 d6 6.Be3 a6 7.a4 b6 8.Nb3 Nbd7
9.f4 Bb7 10.Bd3 Be7 11.O-O O-O 12.Rf3 e5 13.Rh3 exf4 14.Bxf4 Ne5 15.Nd5 
Bc8 16.Rg3 Ng6 17.Qd2 Nxd5 18.exd5 Bf6 19.Bg5 Bd7 20.Rf1 Bxg5 21.Rxg5 b5 
22.a5 Rc8 23.Nd4 b4 24.Bf5 Bxf5 25.Nxf5 Rxc2 26.Qd4 f6 27.Rg3 Qxa5 28.Qe4 
Qc5+ 29.Kh1 Qf2 30.Ne3 1-0

[Event "11th Reykjavik op"]
[Site "Reykjavik ISL"]
[Date "1984.02.15"]
[Round "2"]
[White "Hjartarson, Johann"]
[Black "Lobron, Eric"]
[Result "1-0"]
[WhiteElo "2415"]
[BlackElo "2520"]
[EventDate "1984.02.14"]
[PlyCount "75"]

1.d4 Nf6 2.c4 e6 3.Nf3 c5 4.d5 exd5 5.cxd5 d6 6.Nc3 g6 7.Bf4 a6 8.a4 Bg7 
9.e4 O-O 10.Be2 Bg4 11.O-O Bxf3 12.Bxf3 Ne8 13.Be2 Nd7 14.Bg3 f5 15.exf5 
gxf5 16.Bf4 Ne5 17.a5 Ng6 18.Bc1 Bd4 19.Bd3 Ng7 20.Ne2 Be5 21.Ra4 Qd7 22.
b3 Rae8 23.Bh6 Rf7 24.Qc2 Kh8 25.Nf4 Nxf4 26.Bxf4 Qd8 27.Bxe5 Rxe5 28.b4 
Rc7 29.Qb3 Qc8 30.b5 axb5 31.Bxb5 Rce7 32.a6 bxa6 33.Rxa6 Qb7 34.Rxd6 Qb8 
35.Ra6 Re4 36.d6 Rb7 37.Qa2 Qf8 38.Bc6 1-0

[Event "11th Reykjavik op"]
[Site "Reykjavik ISL"]
[Date "1984.02.15"]
[Round "2"]
[White "Johannesson, Larus"]
[Black "Nykopp, Jan-Michael"]
[Result "1-0"]
[WhiteElo "2300"]
[BlackElo "2300"]
[EventDate "1984.02.14"]
[PlyCount "107"]

1.Nf3 c5 2.c4 g6 3.g3 Nc6 4.Nc3 Bg7 5.Bg2 e6 6.d4 cxd4 7.Nb5 Nge7 8.Nd6+ 
Kf8 9.Ng5 f6 10.Ngf7 Qb6 11.Nxc8 Rxc8 12.Nxh8 Qb4+ 13.Bd2 Qxc4 14.Nxg6+ 
hxg6 15.h4 Qb5 16.h5 gxh5 17.Qb1 f5 18.Rxh5 Nb4 19.Be4 Nbd5 20.Bd3 Qc6 21.
Qd1 Nf6 22.Rc1 Qg2 23.Rxc8+ Nxc8 24.e3 Ne7 25.Rh4 dxe3 26.Bxe3 Ng6 27.Bf1 
Qd5 28.Qxd5 Nxd5 29.Bc5+ Kf7 30.Ra4 Bxb2 31.Rxa7 Bc3+ 32.Kd1 b6 33.Bd6 Ke8
34.Bb5 Nf6 35.Ra8+ Kf7 36.Rd8 Bd4 37.Ke2 e5 38.Bc4+ Kg7 39.Bd3 f4 40.Bxg6 
Kxg6 41.gxf4 exf4 42.Bxf4 Kf5 43.Be3 Bxe3 44.fxe3 Nd5 45.Rb8 Ke6 46.Kf3 
Kf6 47.Ke4 Nc3+ 48.Kd4 Na4 49.Rc8 Nb2 50.e4 Ke6 51.Rc2 Na4 52.Rc4 Nc5 53.
Rb4 d6 54.Rxb6 1-0

[Event "11th Reykjavik op"]
[Site "Reykjavik ISL"]
[Date "1984.02.15"]
[Round "2"]
[White "Jonasson, Benedikt"]
[Black "Chandler, Murray Graham"]
[Result "1/2-1/2"]
[WhiteElo "2210"]
[BlackElo "2515"]
[EventDate "1984.02.14"]
[PlyCount "68"]

1.Nf3 d5 2.c4 e6 3.d4 c5 4.cxd5 exd5 5.Nc3 Nc6 6.g3 Nf6 7.Bg2 Be7 8.O-O 
O-O 9.dxc5 Bxc5 10.Bg5 d4 11.Bxf6 Qxf6 12.Nd5 Qd8 13.Nd2 a6 14.Ne4 Ba7 15.
Rc1 Re8 16.Qd2 Re5 17.Nb4 Nxb4 18.Qxb4 Rb5 19.Qd6 Bf5 20.b3 Qe8 21.Qf4 Bb8
22.Qd2 Re5 23.Nc5 Rxe2 24.Qxd4 Ba7 25.Qf4 Bxc5 26.Rxc5 Bd3 27.h4 Re7 28.
Rfc1 Be4 29.Bxe4 Rxe4 30.Qxe4 Qxe4 31.Rc8+ Qe8 32.Rxe8+ Rxe8 33.Rc7 Rb8 
34.Kg2 Kf8 1/2-1/2

[Event "11th Reykjavik op"]
[Site "Reykjavik ISL"]
[Date "1984.02.15"]
[Round "2"]
[White "Jonsson, Bjorgvin"]
[Black "Josteinsson, Leifur"]
[Result "1/2-1/2"]
[WhiteElo "2255"]
[BlackElo "2275"]
[EventDate "1984.02.14"]
[PlyCount "93"]

1.d4 f5 2.c4 Nf6 3.g3 e6 4.Bg2 Be7 5.Nf3 O-O 6.d5 exd5 7.cxd5 Ne4 8.O-O a5
9.Nc3 Nxc3 10.bxc3 d6 11.Be3 Bf6 12.Rc1 Na6 13.Ne1 Nc5 14.Nd3 Ne4 15.c4 b6
16.f3 Nc3 17.Qd2 Qe7 18.Rc2 Re8 19.Kf2 Ba6 20.Nf4 Na4 21.Nh5 Bb2 22.Rb1 
Ba3 23.Rb3 Bc5 24.Nf4 Bxe3+ 25.Rxe3 Qxe3+ 26.Qxe3 Rxe3 27.Kxe3 Nc5 28.Kd4 
Re8 29.Nd3 Nxd3 30.Kxd3 b5 31.cxb5 Bxb5+ 32.Kd4 Rxe2 33.Rxe2 Bxe2 34.a3 
Kf7 35.Ke3 Bb5 36.f4 Ke7 37.h4 g6 38.Kd4 Kd8 39.Bf3 Kd7 40.Bd1 Ke7 41.Bf3 
Kf6 42.Bd1 c5+ 43.dxc6 Bxc6 44.Bb3 h6 45.Bc4 g5 46.hxg5+ hxg5 47.Bd3 
1/2-1/2

[Event "11th Reykjavik op"]
[Site "Reykjavik ISL"]
[Date "1984.02.15"]
[Round "2"]
[White "McCambridge, Vincent"]
[Black "Wesseln, Kai"]
[Result "1-0"]
[WhiteElo "2465"]
[BlackElo "2350"]
[EventDate "1984.02.14"]
[PlyCount "83"]

1.d4 Nf6 2.c4 c5 3.d5 d6 4.Nc3 g6 5.e4 Bg7 6.Nf3 O-O 7.h3 e6 8.Bd3 exd5 9.
exd5 Re8+ 10.Be3 b5 11.Nxb5 Ne4 12.O-O a6 13.Nc3 Nxc3 14.bxc3 Nd7 15.Rb1 
Qa5 16.Bf4 Ne5 17.Re1 Qxc3 18.Nxe5 Bxe5 19.Re3 Qd4 20.Re4 Qc3 21.Bxe5 dxe5
22.Re3 Qa5 23.Qe2 f6 24.f4 Qc7 25.fxe5 fxe5 26.Re1 Bd7 27.Be4 Rab8 28.Rg3 
Qd6 29.h4 Rf8 30.h5 Bf5 31.hxg6 hxg6 32.Qh5 Bxe4 33.Rxe4 Kg7 34.Reg4 Rf6 
35.Rh4 Rg8 36.Qg5 Rgf8 37.Kh2 e4 38.Qh6+ Kf7 39.Rxe4 Rg8 40.Kh3 Rf5 41.Re6
Qd8 42.Rgxg6 1-0

[Event "11th Reykjavik op"]
[Site "Reykjavik ISL"]
[Date "1984.02.15"]
[Round "2"]
[White "Meyer, Holger"]
[Black "Karlsson, Hilmar"]
[Result "1-0"]
[WhiteElo "2305"]
[BlackElo "2220"]
[EventDate "1984.02.14"]
[PlyCount "127"]

1.d4 Nf6 2.c4 e6 3.Nc3 d5 4.Bg5 Be7 5.Nf3 O-O 6.e3 h6 7.Bxf6 Bxf6 8.Qd2 
Nc6 9.Rc1 Qd6 10.Be2 a6 11.O-O Bd7 12.Rfd1 Rad8 13.e4 dxe4 14.Nxe4 Qe7 15.
Qf4 Bxd4 16.Nxd4 Nxd4 17.Rxd4 e5 18.Rxd7 Rxd7 19.Qf5 Rfd8 20.c5 Rd4 21.g3 
g6 22.Qf6 Qxf6 23.Nxf6+ Kg7 24.Ng4 Rd2 25.Bc4 Rxb2 26.Nxe5 Rdd2 27.Nd3 
Rbc2 28.Bb3 Rxc1+ 29.Nxc1 a5 30.Kf1 b5 31.cxb6 cxb6 32.Ke1 Rd4 33.Ne2 Rb4 
34.Nc3 b5 35.Kd2 a4 36.Bd5 Rb2+ 37.Ke3 a3 38.Nd1 f5 39.Kd3 Rb4 40.Kc3 Rb1 
41.Bb3 Rc1+ 42.Kb4 Kf6 43.Kxa3 Ke5 44.Kb4 Ke4 45.Kxb5 Kf3 46.a4 g5 47.a5 
Rb1 48.Kb4 Ra1 49.Ba4 Rb1+ 50.Kc5 Rc1+ 51.Kd4 Rc7 52.Bb5 h5 53.Ne3 f4 54.
gxf4 gxf4 55.Nd5 Rf7 56.Ke5 h4 57.a6 Kxf2 58.Nxf4 Kg1 59.h3 Kh2 60.Bc6 Kg3
61.Ne6 Re7 62.Bb7 Kxh3 63.a7 Re8 64.Kd6 1-0

[Event "11th Reykjavik op"]
[Site "Reykjavik ISL"]
[Date "1984.02.15"]
[Round "2"]
[White "Olafsson, Fridrik"]
[Black "Olafsson, Helgi"]
[Result "0-1"]
[WhiteElo "2495"]
[BlackElo "2445"]
[EventDate "1984.02.14"]
[PlyCount "80"]

1.Nf3 c5 2.g3 g6 3.c3 Bg7 4.d4 cxd4 5.cxd4 Nf6 6.Nc3 d5 7.Bg2 O-O 8.Ne5 
Bf5 9.O-O Ne4 10.Be3 Nxc3 11.bxc3 Nc6 12.f4 Na5 13.Rc1 f6 14.Nd3 Rc8 15.
Bf2 b6 16.h3 Qd7 17.Kh2 Rc7 18.Bg1 Be4 19.g4 Rfc8 20.Qe1 Qd6 21.Bxe4 dxe4 
22.Nb4 e6 23.Kh1 f5 24.gxf5 exf5 25.e3 Bf8 26.Rc2 Nc4 27.a4 a5 28.Na2 Qa3 
29.h4 Qxa4 30.Rg2 Qe8 31.Qe2 Rg7 32.Bf2 b5 33.Be1 Qe6 34.Rg3 Rb8 35.Nc1 
Nd6 36.Rfg1 Rbb7 37.Qc2 Qc4 38.Nb3 Qa4 39.Qb1 Nc4 40.Kh2 b4 0-1

[Event "11th Reykjavik op"]
[Site "Reykjavik ISL"]
[Date "1984.02.15"]
[Round "2"]
[White "Ostermeyer, Peter"]
[Black "Karlsson, Agust Sindri"]
[Result "1-0"]
[WhiteElo "2460"]
[BlackElo "2285"]
[EventDate "1984.02.14"]
[PlyCount "85"]

1.d4 Nf6 2.c4 e6 3.Nf3 b6 4.a3 Ba6 5.Qc2 Be7 6.g3 c5 7.Bg2 Nc6 8.dxc5 bxc5
9.O-O O-O 10.Rd1 Qb6 11.b3 Rab8 12.Nbd2 d5 13.Rb1 Rfd8 14.Bb2 d4 15.Ne1 
Ne5 16.Nd3 Nxd3 17.exd3 Bb7 18.Re1 Bxg2 19.Kxg2 Qc6+ 20.Kg1 h5 21.Qd1 h4 
22.Qe2 hxg3 23.hxg3 g6 24.Bc1 Rb6 25.Nf3 Ng4 26.Bd2 Ra6 27.Ra1 Bf6 28.b4 
cxb4 29.axb4 Rxa1 30.Rxa1 Kg7 31.Rxa7 Rh8 32.b5 Qc5 33.Qxe6 Qxa7 34.Qxg4 
Qa1+ 35.Ne1 Qb2 36.Qe2 Qb1 37.Kg2 Ra8 38.g4 Ra2 39.Nf3 Kh7 40.Qe8 Ra7 41.
Qc6 Be7 42.Qe4 Bf6 43.Qf4 1-0

[Event "11th Reykjavik op"]
[Site "Reykjavik ISL"]
[Date "1984.02.15"]
[Round "2"]
[White "Petursson, Margeir"]
[Black "Zaltsman, Vitaly"]
[Result "0-1"]
[WhiteElo "2465"]
[BlackElo "2390"]
[EventDate "1984.02.14"]
[PlyCount "98"]

1.d4 d5 2.c4 dxc4 3.Nf3 Nf6 4.Nc3 a6 5.e4 b5 6.e5 Nd5 7.Ng5 e6 8.Qh5 Qd7 
9.Be2 Bb7 10.Bf3 g6 11.Qg4 b4 12.Nce4 Nc6 13.Be3 h6 14.Nh3 O-O-O 15.O-O c3
16.bxc3 bxc3 17.a3 Na5 18.Nf4 c2 19.Rac1 Qa4 20.Nxd5 Bxd5 21.Nc3 Bxf3 22.
Qxf3 Qc6 23.Qe2 Qc4 24.Qxc2 Bxa3 25.Rb1 Bb4 26.Rfc1 Bxc3 27.Qxc3 Qxc3 28.
Rxc3 Rd5 29.Ra1 c6 30.Bc1 Kc7 31.Kf1 Rb8 32.Bxh6 Nb3 33.Ra3 Nxd4 34.Rxa6 
Rb1+ 35.Rc1 Rxc1+ 36.Bxc1 Kb7 37.Ra1 Rxe5 38.Be3 Nc2 39.Ra7+ Kc8 40.Ke2 
Nxe3 41.fxe3 f6 42.h4 Rh5 43.g3 g5 44.hxg5 Rxg5 45.Kf3 Kd8 46.e4 c5 47.Rf7
f5 48.e5 Rg4 49.Rf6 Kd7 0-1

[Event "11th Reykjavik op"]
[Site "Reykjavik ISL"]
[Date "1984.02.15"]
[Round "2"]
[White "Petursson, Palmi"]
[Black "Alburt, Lev"]
[Result "0-1"]
[WhiteElo "2370"]
[BlackElo "2515"]
[EventDate "1984.02.14"]
[PlyCount "77"]

1.e4 Nf6 2.e5 Nd5 3.Nc3 Nxc3 4.dxc3 d5 5.f4 c5 6.Be3 e6 7.Nf3 Be7 8.Bd3 
Nc6 9.Qd2 O-O 10.Qf2 b6 11.g4 f6 12.exf6 Bxf6 13.g5 Be7 14.O-O-O Bd6 15.
Qg3 g6 16.Ne5 Bxe5 17.fxe5 Qc7 18.Bf4 Bd7 19.h4 Ne7 20.h5 Be8 21.c4 d4 22.
Be4 Bc6 23.Bxc6 Qxc6 24.Rdf1 Rf5 25.Qh3 Qb7 26.Bd2 Raf8 27.b3 gxh5 28.Rxf5
Rxf5 29.Qxh5 Ng6 30.Qh2 Nxe5 31.Qh6 Ng6 32.Qh3 Rf7 33.Re1 e5 34.Re2 Qf3 
35.Qc8+ Kg7 36.Re1 e4 37.Rd1 e3 38.Be1 e2 39.Rd3 0-1

[Event "11th Reykjavik op"]
[Site "Reykjavik ISL"]
[Date "1984.02.15"]
[Round "2"]
[White "Ree, Hans"]
[Black "Arnason, Asgeir Thor"]
[Result "1-0"]
[WhiteElo "2480"]
[BlackElo "2260"]
[EventDate "1984.02.14"]
[PlyCount "69"]

1.d4 d5 2.c4 e6 3.Nc3 Nf6 4.cxd5 exd5 5.Bg5 c6 6.e3 h6 7.Bh4 Bf5 8.Qf3 Be6
9.Bxf6 Qxf6 10.Qxf6 gxf6 11.Bd3 Rg8 12.g3 Nd7 13.Nf3 Nb6 14.O-O Nc4 15.b3 
Nd6 16.Nh4 Kd7 17.Rfc1 b5 18.a4 b4 19.Ne2 Be7 20.Rc2 a5 21.Rac1 Rgc8 22.f3
Ra7 23.Kf2 Rac7 24.g4 Nb7 25.Ba6 Rb8 26.Nf4 Nd8 27.Be2 Nb7 28.Bb5 Nd8 29.
Bd3 Bd6 30.Nh5 Be7 31.h3 Nb7 32.f4 Kd6 33.Ba6 Bc8 34.Ng7 Bf8 35.Ne8+ 1-0

[Event "11th Reykjavik op"]
[Site "Reykjavik ISL"]
[Date "1984.02.15"]
[Round "2"]
[White "Schuessler, Harry"]
[Black "Byrne, Robert"]
[Result "1-0"]
[WhiteElo "2445"]
[BlackElo "2520"]
[EventDate "1984.02.14"]
[PlyCount "63"]

1.d4 Nf6 2.c4 g6 3.Nc3 Bg7 4.e4 d6 5.Nf3 O-O 6.Be2 e5 7.O-O Nc6 8.Be3 Re8 
9.dxe5 dxe5 10.h3 Be6 11.c5 h6 12.Qa4 Qc8 13.Rad1 Nh7 14.Nd5 f5 15.Bb5 f4 
16.Bd2 g5 17.Bxc6 bxc6 18.Qxc6 Bxh3 19.gxh3 Qxh3 20.Nh2 f3 21.Ne3 Nf6 22.
Bc3 g4 23.Rd2 h5 24.Rfd1 h4 25.Rd7 Nxd7 26.Rxd7 g3 27.Rxg7+ Kxg7 28.Nf5+ 
Kf7 29.Qd7+ Kf6 30.Qg7+ Ke6 31.Qxe5+ Kf7 32.Qf6+ 1-0

[Event "11th Reykjavik op"]
[Site "Reykjavik ISL"]
[Date "1984.02.15"]
[Round "2"]
[White "Shamkovich, Leonid"]
[Black "Thorhallsson, Throestur"]
[Result "1-0"]
[WhiteElo "2450"]
[BlackElo "2315"]
[EventDate "1984.02.14"]
[PlyCount "55"]

1.d4 f5 2.g3 Nf6 3.Bg2 e6 4.Nf3 Be7 5.O-O O-O 6.c4 d6 7.Nc3 c6 8.b3 a5 9.
Ba3 Bd7 10.d5 cxd5 11.cxd5 e5 12.Nxe5 dxe5 13.d6 Bxd6 14.Bxd6 Re8 15.Nd5 
Na6 16.Nxf6+ gxf6 17.Bxb7 Ra7 18.Bd5+ Be6 19.Bc6 Bd7 20.Qd5+ Kg7 21.Rfd1 
Bxc6 22.Qxc6 Nb8 23.Bxb8 Qxb8 24.Rac1 Ree7 25.Qf3 Kg6 26.e4 fxe4 27.Qg4+ 
Kf7 28.Rc8 1-0

[Event "11th Reykjavik op"]
[Site "Reykjavik ISL"]
[Date "1984.02.15"]
[Round "2"]
[White "Sigurjonsson, Gudmundur"]
[Black "Hoei, Carsten"]
[Result "1/2-1/2"]
[WhiteElo "2470"]
[BlackElo "2400"]
[EventDate "1984.02.14"]
[PlyCount "93"]

1.e4 d6 2.d4 g6 3.Nc3 Bg7 4.f4 c6 5.Be3 Nf6 6.Nf3 O-O 7.Bd3 Nbd7 8.e5 Ng4 
9.Bg1 c5 10.Qe2 cxd4 11.Bxd4 dxe5 12.fxe5 Qa5 13.b4 Qxb4 14.Rb1 Qa5 15.Rb5
Qd8 16.h3 Nh6 17.g4 Nb6 18.O-O Bd7 19.Rb3 Be6 20.Rbb1 Nd5 21.Ng5 Nxc3 22.
Bxc3 Bxa2 23.Rb2 Bd5 24.Bd2 Bc6 25.Rb4 a5 26.Rbf4 Qd5 27.Nf3 Kh8 28.Be3 
Qd7 29.Bc5 a4 30.Ba3 f6 31.exf6 Rxf6 32.Ne5 Qc7 33.Bb2 a3 34.Ba1 Rxf4 35.
Rxf4 Qb6+ 36.Kh2 Qc7 37.Kg1 a2 38.g5 Nf5 39.Bxf5 gxf5 40.Nf7+ Kg8 41.Nh6+ 
Kh8 42.Nf7+ Kg8 43.Nh6+ Kh8 44.Nf7+ Kg8 45.Nh6+ Kh8 46.Nf7+ Kg8 47.Nh6+ 
1/2-1/2

[Event "11th Reykjavik op"]
[Site "Reykjavik ISL"]
[Date "1984.02.15"]
[Round "2"]
[White "Solmundarson, Magnus"]
[Black "Gretarsson, Andri Ass"]
[Result "1-0"]
[WhiteElo "2265"]
[BlackElo "2225"]
[EventDate "1984.02.14"]
[PlyCount "67"]

1.c4 Nf6 2.Nc3 g6 3.Nf3 Bg7 4.g3 O-O 5.Bg2 d6 6.O-O c5 7.d4 cxd4 8.Nxd4 a6
9.h3 e6 10.e4 Qc7 11.Be3 Nc6 12.Rc1 Bd7 13.Nd5 exd5 14.cxd5 Rac8 15.dxc6 
bxc6 16.e5 dxe5 17.Nxc6 Bxc6 18.Rxc6 Qa5 19.Rxc8 Rxc8 20.Qb3 Bf8 21.Bb7 
Rb8 22.Ba7 Re8 23.Rc1 Re7 24.Bb6 Qd2 25.Rd1 Qxd1+ 26.Qxd1 Rxb7 27.Be3 Rxb2
28.Qd8 Kg7 29.Bh6+ Kxh6 30.Qxf8+ Kg5 31.Qe7 Rb5 32.g4 Rb1+ 33.Kg2 Rb6 34.
Kg3 1-0

[Event "11th Reykjavik op"]
[Site "Reykjavik ISL"]
[Date "1984.02.15"]
[Round "2"]
[White "Taylor, Gordon"]
[Black "Ornstein, Axel"]
[Result "0-1"]
[WhiteElo "2325"]
[BlackElo "2405"]
[EventDate "1984.02.14"]
[PlyCount "80"]

1.d4 Nf6 2.c4 e6 3.g3 Bb4+ 4.Bd2 Bxd2+ 5.Qxd2 c5 6.Nc3 cxd4 7.Qxd4 Nc6 8.
Qd2 O-O 9.Bg2 Qb6 10.Nh3 Qc5 11.b3 a6 12.Nf4 Rb8 13.Rc1 Qe7 14.a4 b6 15.
O-O Na5 16.Rb1 Bb7 17.e4 d6 18.Rfe1 Rfd8 19.h3 Ba8 20.Kh2 Nb7 21.Qe3 Nc5 
22.Nd3 Nfd7 23.Nc1 Nf6 24.f4 Qf8 25.N1e2 g6 26.Red1 Qh6 27.Kg1 e5 28.Nd5 
Bxd5 29.cxd5 Re8 30.Nc3 exf4 31.gxf4 Nfxe4 32.Nxe4 Nxe4 33.Bxe4 f5 34.Rd4 
Rxe4 35.Rxe4 fxe4 36.Qxe4 Qxh3 37.Re1 Qg3+ 38.Kh1 Rf8 39.Qe6+ Kg7 40.Rf1 
Rf5 0-1

[Event "11th Reykjavik op"]
[Site "Reykjavik ISL"]
[Date "1984.02.15"]
[Round "2"]
[White "Thorsteins, Karl"]
[Black "Balashov, Yury"]
[Result "1/2-1/2"]
[WhiteElo "2375"]
[BlackElo "2535"]
[EventDate "1984.02.14"]
[PlyCount "58"]

1.e4 c5 2.Nf3 Nc6 3.d4 cxd4 4.Nxd4 Nf6 5.Nc3 d6 6.Bg5 e6 7.Qd2 a6 8.O-O-O 
h6 9.Bf4 Bd7 10.Nxc6 Bxc6 11.Qe1 Be7 12.e5 Nh5 13.Be3 Qc7 14.Be2 g6 15.
Bxh5 gxh5 16.Bf4 O-O-O 17.exd6 Bxd6 18.Rxd6 Rxd6 19.Qe3 Rg8 20.Bxd6 Qxd6 
21.Rd1 Qxh2 22.g3 Qg2 23.b4 Rd8 24.Rxd8+ Kxd8 25.a4 Qf1+ 26.Kb2 Qc4 27.b5 
axb5 28.axb5 Bd5 29.Qe5 Ke7 1/2-1/2

[Event "11th Reykjavik op"]
[Site "Reykjavik ISL"]
[Date "1984.02.15"]
[Round "2"]
[White "Wedberg, Tom"]
[Black "Schneider, Lars-Aake"]
[Result "1-0"]
[WhiteElo "2495"]
[BlackElo "2440"]
[EventDate "1984.02.14"]
[PlyCount "55"]

1.e4 c5 2.Nf3 Nc6 3.d4 cxd4 4.Nxd4 Nf6 5.Nc3 d6 6.Bc4 e6 7.Be3 a6 8.Qe2 
Qc7 9.Bb3 Na5 10.g4 Nxb3 11.axb3 Be7 12.g5 Nd7 13.h4 Ne5 14.f4 Nc6 15.h5 
Bd7 16.O-O-O b5 17.g6 b4 18.Na4 Nxd4 19.Bxd4 Bxa4 20.bxa4 f6 21.h6 hxg6 
22.hxg7 Rg8 23.Qg4 b3 24.Bc3 bxc2 25.Qxe6 cxd1=Q+ 26.Kxd1 Qc6 27.Rh8 Qxa4+
28.b3 1-0

[Event "11th Reykjavik op"]
[Site "Reykjavik ISL"]
[Date "1984.02.16"]
[Round "3"]
[White "Alburt, Lev"]
[Black "Schuessler, Harry"]
[Result "1-0"]
[WhiteElo "2515"]
[BlackElo "2445"]
[EventDate "1984.02.14"]
[PlyCount "52"]

1.d4 Nf6 2.Bg5 e6 3.Nd2 c5 4.Ne4 Qa5+ 5.Bd2 Qb6 6.Nxf6+ gxf6 7.Bc3 cxd4 8.
Qxd4 Qxd4 9.Bxd4 e5 10.Bc3 d5 11.e3 Nc6 12.O-O-O Be6 13.a3 Bc5 14.Ne2 Rb8 
15.b4 Be7 16.Bb2 O-O 17.f4 Rfd8 18.g4 Bf8 19.f5 Bd7 20.Kb1 Bh6 21.Ng3 Kf8 
22.Nh5 Ke7 23.b5 Bxe3 24.bxc6 Bxc6 25.Bc3 d4 26.Bb4+ Kd7 1-0

[Event "11th Reykjavik op"]
[Site "Reykjavik ISL"]
[Date "1984.02.16"]
[Round "3"]
[White "Angantysson, Haukur"]
[Black "Johannesson, Larus"]
[Result "0-1"]
[WhiteElo "2395"]
[BlackElo "2300"]
[EventDate "1984.02.14"]
[PlyCount "77"]

1.d4 d5 2.c4 c6 3.Nf3 Nf6 4.cxd5 cxd5 5.Nc3 Nc6 6.Bf4 Bf5 7.e3 e6 8.Bb5 
Nd7 9.O-O Be7 10.Qa4 Qb6 11.Rfc1 O-O 12.Bxc6 bxc6 13.Nd1 Rfc8 14.Rc3 Qb7 
15.Rac1 Nb6 16.Qb3 a5 17.a3 a4 18.Qa2 Nc4 19.Ne5 Na5 20.g4 Bg6 21.Nxg6 
hxg6 22.f3 Nb3 23.R1c2 c5 24.dxc5 Bxc5 25.Kg2 d4 26.exd4 Nxd4 27.Rd2 Ba7 
28.Rcd3 Nb3 29.Re2 Rc4 30.Bg3 Rac8 31.Rc3 Nc1 32.Rxc4 Nxa2 33.Rxa4 Qb3 34.
Rxa7 Qxd1 35.Rf2 Nc1 36.Ra6 Nd3 37.Rd6 Nxf2 38.Rxd1 Nxd1 39.b4 0-1

[Event "11th Reykjavik op"]
[Site "Reykjavik ISL"]
[Date "1984.02.16"]
[Round "3"]
[White "Balashov, Yury"]
[Black "Sigurjonsson, Gudmundur"]
[Result "1/2-1/2"]
[WhiteElo "2535"]
[BlackElo "2470"]
[EventDate "1984.02.14"]
[PlyCount "39"]

1.e4 c5 2.Nf3 d6 3.d4 cxd4 4.Nxd4 Nf6 5.Nc3 a6 6.Be2 e5 7.Nb3 Be7 8.O-O 
O-O 9.Be3 Be6 10.Qd3 Nbd7 11.a4 Rc8 12.a5 Qc7 13.Rfc1 Rfe8 14.Nd5 Qc6 15.
Bf3 Bxd5 16.exd5 Qc4 17.Qd2 Qh4 18.Qd1 e4 19.Be2 Ne5 20.h3 1/2-1/2